| 000 | 01189cac a22002771u 4500 | ||
|---|---|---|---|
| 090 | _c6939 | ||
| 008 | 081106t2004 xxu||||| |||| 00| 0 eng d | ||
| 010 | _a2003023501 | ||
| 020 | _a1405107448 (alk. paper) | ||
| 020 | _a1405107456 (pbk : alk. paper) | ||
| 082 | 0 | 0 |
_a155.904209 _bCOO |
| 100 | _aCooper, Cary L. | ||
| 245 | 1 | 0 |
_aStress : _ba brief history / _cCary L. Cooper and Philip Dewe. |
| 260 |
_aMalden, MA : _bBlackwell Pub., _cc.2004. |
||
| 300 |
_axi, 144 p. ; _c23 cm. |
||
| 440 | 0 |
_aBlackwell brief histories of psychology ; _v1 |
|
| 500 | _aDistributer: Al-Ahram. | ||
| 504 | _aIncludes bibliographical references (p. [120]-136) and index. | ||
| 505 | 0 | _aFrom early beginnings to the 20th century -- The 20th century -- From the 1950s to Richard Lazarus -- The work of Richard Lazarus -- Work stress and occupational health psychology. | |
| 511 | _aCatalogued By: Mahitab. | ||
| 650 | 0 |
_aStress (Psychology) _xResearch _xMethodology _xHistory. |
|
| 700 | 1 | _aDewe, Philip. | |
| 856 | 4 | 1 |
_3Table of contents _uhttp://www.loc.gov/catdir/toc/ecip0410/2003023501.html |
| 942 |
_cBB _k155.904209COO _2ddc |
||
| 999 |
_c6939 _d6939 |
||